| Tag |
First Indicator |
Second Indicator |
Subfields |
| LEADER |
00000cam a2200000 a 4500 |
| 001 |
in00001700935 |
| 005 |
20151024164650.0 |
| 008 |
021025s1977 ve c b 000 0bspa c |
| 035 |
|
|
|a (OCoLC)ocn419683548
|
| 035 |
|
|
|a (OCoLC)419683548
|
| 040 |
|
|
|a TXA
|c TXA
|d UtOrBLW
|
| 042 |
|
|
|a pcc
|
| 043 |
|
|
|a s-ve---
|
| 049 |
|
|
|a TXAM
|
| 050 |
|
4 |
|a KHW304.M46
|b B752 1977
|
| 100 |
1 |
|
|a Briceño Perozo, Mario.
|
| 245 |
1 |
3 |
|a La lección perenne de Mendoza /
|c Mario Briceño Perozo.
|
| 264 |
|
1 |
|a Caracas :
|b Italgrafica,
|c 1977.
|
| 300 |
|
|
|a 7 pages :
|b portrait ;
|c 2 cm.
|
| 336 |
|
|
|a text
|b txt
|2 rdacontent
|
| 337 |
|
|
|a unmediated
|b n
|2 rdamedia
|
| 338 |
|
|
|a volume
|b nc
|2 rdacarrier
|
| 500 |
|
|
|a "Separata del Boletín de la Academia Nacional de la Historia, tomo LX, octubre-diciembre d e1977, number 240."
|
| 500 |
|
|
|a "Este trabajo fue leído por su autor, el 23 de junio de 1974, Día del abogado, en Valencia, en el Salón de Conferencias del Colegio de Abogados del Estado Carabobo, con motivo de la develación del retrato del prócer y la institución de la condecoración 'Orden dal Mérito Cristóbal Mendoza.'"--P. 7.
|
| 504 |
|
|
|a Includes bibliographical references.
|
| 600 |
1 |
0 |
|a Mendoza, Cristóbal,
|d 1772-1829.
|
| 600 |
1 |
0 |
|a Mendoza, Cristóbal,
|d 1772-1829
|x Portraits.
|
| 650 |
|
0 |
|a Lawyers
|x Awards
|z Venezuela
|z Carabobo (State)
|
| 730 |
0 |
|
|a Boletín de la Academia Nacional de la Historia.
|
| 948 |
|
|
|a cataloged
|b h
|c 2009/6/30
|d o
|e fpiscitelli
|f 7:37:14 pm
|
| 994 |
|
|
|a C0
|b TXA
|
| 999 |
|
|
|a MARS
|
| 999 |
f |
f |
|s d84a5576-80af-3b34-bd0f-b2d6e7c6279c
|i 0f7beeca-d5e7-33b4-863c-41130c7b0fff
|t 0
|
| 952 |
f |
f |
|p ric
|a Texas A&M University
|b Rellis Campus
|c Joint Library Facility
|d Remote Storage
|t 0
|e KHW304.M46 B752 1977
|h Library of Congress classification
|i unmediated -- volume
|m A14838805693
|
| 998 |
f |
f |
|a KHW304.M46 B752 1977
|t 0
|l Remote Storage
|